Normal view
MARC view
- SPORTS, ACCIDENTS AND INJURIES, PHYSICAL DIAGNOSIS.SPORTS MEDICINE
Entry Topical Term
001 - CONTROL NUMBER
- control field: 75131
003 - CONTROL NUMBER IDENTIFIER
- control field: NUST
005 - DATE AND TIME OF LATEST TRANSACTION
- control field: 20210628205348.0
008 - FIXED-LENGTH DATA ELEMENTS
- fixed length control field: 210628|| aca||aabn | a|a d
040 ## - CATALOGING SOURCE
- Original cataloging agency: NUST
- Transcribing agency: NUST
150 ## - HEADING--TOPICAL TERM
- Topical term or geographic name entry element: SPORTS, ACCIDENTS AND INJURIES, PHYSICAL DIAGNOSIS.SPORTS MEDICINE
670 ## - SOURCE DATA FOUND
- Source citation: Work cat.: (NUST): Booher, James M 75130, Athletic injury assessment, 2004
